Highest point of each European country - Statistics

General Stats
  • This quiz has been taken 87 times
    34 since last reset
  • The average score is 14 of 46
Answer Stats
Country Height Answer % Correct
France 4807 m Mont Blanc
94%
Italy 4807 m Mont Blanc
94%
Russia 5642 m Mount El'Brus
71%
Germany 2962 m Zugspitze
71%
United Kingdom 1343 m Ben Nevis
65%
Austria 3798 m Großglockner
65%
Greece 2917 m Mount Olympus
65%
Spain 3482 m/3715 m Mulhacén (Spain Mainland) /Pico del Teide (Canaries Islands)
65%
Slovenia 2864 m Mount Triglav
53%
Czechia 1603 m Sněžka
47%
Switzerland 4634 m Dufourspitze
41%
Slovakia 2654 m Gerlachovský štít
41%
Turkey 5137 m Ararat
35%
Liechtenstein 2599 m Grauspitz
35%
Hungary 1014 m Kékes
35%
Albania 2764 m Korab
35%
North Macedonia 2764 m Korab
35%
San Marino 739 m Monte Titano
35%
Croatia 1831 m Dinara
29%
Finland 1365 m Halti
29%
Sweden 2103 m Kebnekaise
29%
Netherlands 870 m /324 m Mount Scenery (Island of Saba) /Vaalserberg (Netherlands Mainland)
29%
Bulgaria 2925 m Musala
29%
Norway 2469 m Galdhøpiggen
24%
Luxembourg 560 m Kneiff
24%
Romania 2544 m Moldoveanu
24%
Denmark 170m /3694 m Møllehøj (Denmark Mainland) | Gunnbjørn Fjeld(Greenland)
24%
Cyprus 1953 m Mount Olympus
24%
Ireland 1039 m Carrantuohill
18%
Portugal 1993 m/2351 m Malhão da Estrela (Portugal Mainland) /Ponta do Pico Azores
18%
Belgium 694 m Signal de Botrange
18%
Andorra 2942 m Coma pedrosa
12%
Iceland 2110 m Hvannadalshnúkur
12%
Bosnia and Herzegovina 2386 m Maglić
12%
Serbia 2169 m Midžor
12%
Estonia 318 m Suur Munamägi
12%
Lithuania 294 m Aukštojas
6%
Moldova 430 m Bălănești
6%
Monaco 163 m Chemin des Révoires
6%
Kosovo 2656 m Đeravica
6%
Belarus 345 m Dzeržinskij
6%
Latvia 312 m Gaiziņkalns
6%
Ukraine 2061 m Hoverla
6%
Vatican City 130 m St Peter's Basilica
6%
Malta 253 m Ta' Dmejrek
6%
Montenegro 2534 m Zla Kolata
6%
No matching quizzes found
Score Distribution
Percent of People with Each Score
Percentile by Number Answered
Your Score History
You have not taken this quiz since the last reset